书目信息 |
| 题名: |
最新英语专业考研核心词汇
|
|
| 作者: | 吴中东 , 周玉芳 主编 | |
| 分册: | ||
| 出版信息: | 北京 中国人民大学出版社 2015 |
|
| 页数: | 302页 | |
| 开本: | 26cm | |
| 丛书名: | 北京环球时代学校英语专业考研点睛丛书 | |
| 单 册: | ||
| 中图分类: | H319.34 , H319.3 | |
| 科图分类: | ||
| 主题词: | 英语--ying yu--词汇--研究生--入学考试--升学参考资料 | |
| 电子资源: | ||
| ISBN: | 978-7-300-20807-7 | |
| 000 | 01478nam 2200313 450 | |
| 001 | 1652354422 | |
| 005 | 20161228161217.62 | |
| 010 | @a978-7-300-20807-7@dCNY38.00 | |
| 100 | @a20150506d2015 em y0chiy50 ea | |
| 101 | 0 | @achi@aeng |
| 102 | @aCN@b110000 | |
| 105 | @ay z 001yy | |
| 106 | @ar | |
| 200 | 1 | @a最新英语专业考研核心词汇@Azui xin ying yu zhuan ye kao yan he xin ci hui@d= Core words & expressions@f吴中东, 周玉芳主编@Fwu zhong dong,zhou yu fang zhu bian@zeng |
| 210 | @a北京@c中国人民大学出版社@d2015 | |
| 215 | @a302页@d26cm | |
| 225 | 2 | @a北京环球时代学校英语专业考研点睛丛书@Abei jing huan qiu shi dai xue xiao ying yu zhuan ye kao yan dian jing cong shu@i英语专业考研系列 |
| 320 | @a有索引 | |
| 330 | @a本书内容以《高等学校英语专业英语教学大纲》的要求为基础, 按照各高校英语院系招收研究生入学考试要求组织安排。本书以英语专业四八级、部分GRE词汇为基础, 再补充一些经常出现于文学作品和评论中的词汇, 以及从历年各校英研入学考试真实考题中萃取的易考词、常考词和难词, 共搜集了词汇近4000条。 | |
| 410 | 0 | @12001 @a北京环球时代学校英语专业考研点睛丛书@i英语专业考研系列 |
| 510 | 1 | @aCore words & expressions@zeng |
| 517 | 1 | @a英语专业考研核心词汇@Aying yu zhuan ye kao yan he xin ci hui |
| 606 | 0 | @a英语@Aying yu@x词汇@x研究生@x入学考试@j升学参考资料 |
| 690 | @aH319.34@v5 | |
| 690 | @aH319.3@v4 | |
| 701 | 0 | @a吴中东@Awu zhong dong@4主编 |
| 701 | 0 | @a周玉芳@Azhou yu fang@4主编 |
| 801 | 0 | @aCN@b人天书店@c20150506 |
| 905 | @aBZT@dH319.3@e23 | |
| 最新英语专业考研核心词汇= Core words & expressions/吴中东, 周玉芳主编.-北京:中国人民大学出版社,2015 |
| 302页;26cm.-(北京环球时代学校英语专业考研点睛丛书.英语专业考研系列) |
| ISBN 978-7-300-20807-7:CNY38.00 |
| 本书内容以《高等学校英语专业英语教学大纲》的要求为基础, 按照各高校英语院系招收研究生入学考试要求组织安排。本书以英语专业四八级、部分GRE词汇为基础, 再补充一些经常出现于文学作品和评论中的词汇, 以及从历年各校英研入学考试真实考题中萃取的易考词、常考词和难词, 共搜集了词汇近4000条。 |
| ● |
| 相关链接 |
|
|
|
正题名:最新英语专业考研核心词汇
索取号:H319.3/23
 
预约/预借
| 序号 | 登录号 | 条形码 | 馆藏地/架位号 | 状态 | 备注 |
| 1 | 819641 | 2000819641 | 第二书库/ [索取号:H319.3/23] | 在馆 | |
| 2 | 819642 | 2000819642 | 第二书库/ [索取号:H319.3/23] | 在馆 | |
| 3 | 819643 | 2000819643 | 第二书库/ [索取号:H319.3/23] | 在馆 |